| 000 | 00567cam a22001577a 4500 | ||
|---|---|---|---|
| 008 | 180718b2005 xxu||||| |||| 00| 0 eng d | ||
| 082 | _aU6x8 Ch455 | ||
| 100 | _aDeichmann, Uwe | ||
| 245 |
_aAgglomeration, transport, and regional development in Indonesia _cby Owe Deichmann, et.al. |
||
| 260 |
_aWashington, D.C. _bWorld Bank _c2005 |
||
| 300 | _a39p. | ||
| 440 | _aPolicy research working paper; no. 3477 | ||
| 650 | _aIndonesia --Economic conditions --1997- --Regional disparities | ||
| 650 | _aIndustries --Indonesia | ||
| 650 | _aIndustrial location --Indonesia | ||
| 999 |
_c291472 _d291472 |
||